|
|
|
|
| LEADER |
00000nab a2200000 a 4500 |
| 001 |
vtls000519133 |
| 003 |
SK-MaSNL |
| 005 |
20260304084948.0 |
| 008 |
250425c1993 xo 0 slo |
| 015 |
|
|
|a SNBRB19rr/mm-uuuuu
|
| 035 |
|
|
|a CL0519271
|
| 035 |
|
|
|a (urnnbn)urn:nbn:sk:snk:ar-006ia7
|
| 035 |
|
|
|a (uuid)aac56f8a-0af4-4e8e-b16f-02ca07a2a400
|
| 035 |
|
|
|a urn:nbn:sk:snk-ab860a
|
| 040 |
|
|
|a SNKBUCL
|b slo
|c SNKBUCL
|e AACR2
|
| 041 |
0 |
|
|a eng
|
| 044 |
|
|
|a xo
|c SK
|
| 080 |
|
|
|a 691.3:666.973.015:541.12:620.19
|2 1981
|
| 080 |
|
|
|a 666.973.015
|2 1981
|
| 080 |
|
|
|a 541.12
|2 1981
|
| 080 |
|
|
|a 620.19
|2 1981
|
| 100 |
1 |
|
|a Slanička, Štefan
|4 aut
|9 385647
|
| 245 |
1 |
0 |
|a Carbonation of Lightweight Concretes Made from Foamed Slag Aggregates in Outside Walls
|c Štefan Slanička, Ladislav Števula
|
| 300 |
|
|
|b Fotogr. 4, grafy 2, tab. 3, lit. 31 zázn. v angl., nem., franc.
|
| 500 |
|
|
|a Číslo čas. je v angl.
|
| 650 |
0 |
7 |
|a obvodové plášte
|2 snkbucl
|9 66595
|
| 650 |
0 |
7 |
|a betón ľahký
|2 snkbucl
|9 1320851
|
| 650 |
0 |
7 |
|a karbonatizácia (stav.)
|2 snkbucl
|9 1191303
|
| 655 |
|
7 |
|a články z novín a časopisov
|2 snkbucl
|9 267496
|
| 700 |
1 |
|
|a Števula, Ladislav
|4 aut
|9 800015
|
| 773 |
0 |
|
|t Stavebnícky časopis
|g Roč. 41, č. 6 (1993), s. 509-521
|
| 850 |
|
|
|a Slovenská národná knižnica
|
| 852 |
|
|
|a Slovenská národná knižnica
|
| 958 |
|
|
|a article9
|
| 958 |
|
|
|a OND
|
| 958 |
|
|
|a NB
|
| 958 |
|
|
|a RK
|
| 958 |
|
|
|a EUIPO
|
| 992 |
|
|
|a RBX
|
| 999 |
|
|
|c 2805821
|d 2807751
|